| 000 | 00485nam a2200181Ia 4500 | ||
|---|---|---|---|
| 003 | OSt | ||
| 005 | 20240322144951.0 | ||
| 008 | 210210b1959 xxu||||| |||| 00| 0 eng d | ||
| 040 | _cAL | ||
| 041 | _akan | ||
| 082 | _a854/217 | ||
| 100 |
_aRANGANNA (S V) ರಂಗಣ್ಣ ಎಸ್ ವಿ _9146628 |
||
| 245 |
_aHonna shula _bಹೊನ್ನ ಶೂಲ |
||
| 260 |
_aMaisuru _bSharada Mandira _c1959 |
||
| 690 |
_aKannada Criticism _9146629 |
||
| 906 | _a020067 | ||
| 942 |
_2ddc _cBK |
||
| 999 |
_c144219 _d144219 |
||